Migration and Environmental Change in Morocco (Record no. 28007)

MARC details
000 -LEADER
fixed length control field 00922nam a2200121Ia 4500
008 - FIXED-LENGTH DATA ELEMENTS--GENERAL INFORMATION
fixed length control field 220620s9999||||xx |||||||||||||| ||und||
100 ## - MAIN ENTRY--PERSONAL NAME
Personal name Van Praag, Lore||Ou-Salah, Loubna||Hut, Elodie||Zickgraf, Caroline
245 #0 - TITLE STATEMENT
Title Migration and Environmental Change in Morocco
Remainder of title In search for Linkages Between Migration Aspirations and (Perceived) Environmental Changes
546 ## - LANGUAGE NOTE
Language note English[eng]
650 ## - SUBJECT ADDED ENTRY--TOPICAL TERM
Topical term or geographic name entry element Migration||Environment, general||Environmental Geography||Human Migration||Environmental Sciences||Environmental Studies||Open access||Migration aspirations||Environmental change||Emigration||Migration trajectories of immigrants||Climate change in Morocco||Moroccan migrants in Belgium||Migration discourses||Tinghir and Tangier||Migration, immigration & emigration||The environment||Development & environmental geography
856 ## - ELECTRONIC LOCATION AND ACCESS
Uniform Resource Identifier <a href="https://library.oapen.org/bitstream/20.500.12657/48698/1/9783030613907.pdf">https://library.oapen.org/bitstream/20.500.12657/48698/1/9783030613907.pdf</a>
942 ## - ADDED ENTRY ELEMENTS (KOHA)
Koha item type E-Books
Holdings
Withdrawn status Lost status Damaged status Not for loan Home library Current library Date acquired Total Checkouts Date last seen Price effective from Koha item type
        Kerala University of Digital Sciences, Innovation and Technology Knowledge Centre Kerala University of Digital Sciences, Innovation and Technology Knowledge Centre 20/06/2022   20/06/2022 20/06/2022 E-Books